| 000 | 00727nam a2200217Ia 4500 | ||
|---|---|---|---|
| 003 | GCL | ||
| 008 | 140319s9999 xx 000 0 ara d | ||
| 040 |
_aGCL / _cGCL |
||
| 082 | 0 | 4 |
_aد _b050 |
| 100 | 1 | _aمحمد م. الارناؤوط | |
| 245 | 1 | 0 |
_aتاريخ الكتاب : القسم الاول (عالم المعرفة 169) / _cمحمد م. الارناؤوط |
| 700 | 1 | _aستيبتشفيتش، الكسندر | |
| 260 |
_a[S.N] : _bالمجلس الوطنى للثقافة والفنون والاداب ، _c1993 |
||
| 300 | _a267 ص | ||
| 490 |
_aكتاب المواهب _v0 |
||
| 650 | 0 | 4 | _aالحضارة |
| 650 | 0 | 4 | _aالطباعة |
| 650 | 0 | 4 | _aالكتب |
| 650 | 0 | 4 | _aالمكتبات |
| 942 |
_2ddc _cCF |
||
| 999 |
_c27037 _d27037 |
||